000 00678nam a2200205Ii 4500
003 JO-AjNU
008 230605s9999||||xx |||||||||||||| ||und||
040 _aJO-AjNU
_bara
_erda
_cJO-AjNU
041 _aara
050 1 4 _aBP144.I27 2004
100 3 _aبن حنبل، أحمد ، تحقيق وتعليق صبحي السامرائي,
_eauthor
_936525
245 0 0 _aالأشربة
250 _aط1
264 3 1 _aالرياض: مكتبة الراشد ناشرون، 2004
300 _a112ص
336 _atext
_btxt
_2rdacontent
337 _aunmediated
_bn
_2rdamedia
338 _avolume
_bnc
_2rdacarrier
650 4 _aحديث شريف- خمر- حنبلية - فقه
_936526
999 _aA15183
_c18751
_d18751